Normal view MARC view
  • London Energy Partnership

Entry Corporate Name

Number of records used in: 2

001 - CONTROL NUMBER

  • control field: 5082

003 - CONTROL NUMBER IDENTIFIER

  • control field: SIRSI

005 - DATE AND TIME OF LATEST TRANSACTION

  • control field: 20190806150240.0

008 - FIXED-LENGTH DATA ELEMENTS

  • fixed length control field: 061114n| aaannaabn |n ana d

040 ## - CATALOGING SOURCE

  • Original cataloging agency: OSt
  • Transcribing agency: OSt

110 2# - HEADING--CORPORATE NAME

  • Corporate name or jurisdiction name as entry element: London Energy Partnership

670 ## - SOURCE DATA FOUND

  • Source citation: Investing in London's low carbon future, 2006